000 00969nam a22002777a 4500
999 _c33863
_d33863
001 3163
003 CO-MdFUSB
005 20180622073132.0
008 180509s1985 enk||||| |||| 00| 0 eng d
020 _a0-85151-453-7
040 _aCO-MdFUSB
_bspa
_cCO-MdFUSB
_dCO-MdFUSBC
_erda
041 0 _aeng
082 0 4 _aG 230 D114s
100 1 _aDabney, Robert L. (Lewis) (1820-1898)
_eautor
245 0 _aSyllabus and notes of the course of systematic and polemic theology taught in Union Theological Seminary, Virginia
_c / R. L. Dabney
250 _a2
264 1 _aCarlisle, Pen., USA :
_b The Banner of Truth Trust,
_c[1985]
300 _a903 Pag
336 _2rdacontent
_atexto
_btxt
337 _2rdamedia
_asin mediación
_bn
338 _2rdacarrier
_avolumen
_bnc
650 0 _aTeología dogmática
_91260
_xHistoria
_yEdad Media, 600-1500
650 0 _aCristianismo
_91197
_xObras polémicas
653 _aIglesia presbiteriana - Obras polémicas
942 _cBK